000 00611nam a2200241 a 4500
001 nice12345678
003 IN_TiNIC
005 20260116011427.0
008 050524s1938 laha grp 000 0 urd
020 _a
_c100
082 0 0 _a239
_bPAU1
100 _aPaul, Sultan Paul
245 _aMain Kiyon Masihi Ho Gaya
260 _aLahore
_bPunjab Religious Booksociety
_c1938
300 _a24p
500 _aincludes index and biblioraphy
505 2 _a12 Volumes in Bounded in Six Volumes
650 _aApologetics
700 1 _aPaul, Sultan Paul
902 _bSRS
942 _cBK
999 _c1430
_d1430